Words that have AEIOU #3 - Statistics

General Stats
  • This quiz has been taken 60 times
    26 since last reset
  • The average score is 7 of 16
Answer Stats
Hint Starting
Letter
Answer % Correct
Sterilization, especially Louis's method for milk P Pasteurization
92%
A party to celebrate the purchase of a new home H Housewarming
81%
Storing merchandise in a large merchandise-storage building W Warehousing
81%
The removal of a person from a group, especially by a pope E Excommunication
69%
Affording reason for suspicion and doubt; dubious Q Questionable
69%
A discussion, perhaps within a script for a film or play D Dialogue
65%
Extents or limits to property or land ownership B Boundaries
42%
The standard period of time in a sporting event, excluding overtime R Regulation
35%
The improvement of the appearance of a place, e.g., city planning B Beautification
31%
Media that allows information to be sent over a distance, e.g., TV T Telecommunication
31%
The removal of male characteristics from a person or thing D Demasculinization
27%
The emphasis of a particular feature, e.g., in décor A Accentuation
23%
Disobedient to authority; unwilling to follow orders I Insubordinate
23%
Confused, befuddled, or perplexed D Discombobulated
15%
Engagement in an interest to the exclusion of all else P Preoccupation
8%
Holding false beliefs despite indisputable evidence D Delusional
0%
No matching quizzes found
Score Distribution
Percent of People with Each Score
Percentile by Number Answered
Your Score History
You have not taken this quiz since the last reset